Countries in Latin - Statistics

General Stats
  • This quiz has been taken 1,124 times
  • The average score is 36 of 61
Answer Stats
Hint Answer % Correct
Aegyptus Egypt
98%
Arabia Saudiana Saudi Arabia
96%
Aethiopia Ethiopia
95%
Angolia Angola
92%
Finnia Finland
88%
Foederatio Russica Russian Federation
88%
Hispania Spain
88%
Francogallia France
87%
Graecia Greece
87%
Honduria Honduras
87%
Mexicum Mexico
86%
Britanniarum Regnum United Kingdom
86%
Nederlandia Netherlands
85%
Nova Zelandia New Zealand
85%
Cambosia Cambodia
83%
Polonia Poland
82%
Civitates Unitae United States
81%
Status Civitatis Vaticanae Vatican City
81%
Africa Australis South Africa
80%
Dania Denmark
78%
Aequatoria Ecuador
75%
Guinea Bissaviensis Guinea-Bissau
75%
Cechia Czech Republic
74%
Guinea Aequinoctialis Equatorial Guinea
73%
Paraquaria Paraguay
71%
Insulae Salomonis Solomon Islands
71%
Granata Grenada
70%
Timoria Orientalis East Timor
68%
Res publica Mediae Africae Central African Republic
66%
Insulae Sancti Thomae et Principis São Tomé and Príncipe
66%
Res publica Sancti Marini San Marino
65%
Dzibutum Djibouti
64%
Barbata Barbados
63%
Salvatoria El Salvador
63%
Iaponia Japan
63%
Sanctis Christophorus et Nives Saint Kitts and Nevis
62%
Venetiola Venezuela
59%
Melita Malta
58%
Helvetia Switzerland
58%
Lettonia Latvia
54%
Monoecus Monaco
54%
Laonia Laos
50%
Iemenia Yemen
50%
Res publica popularis Sinarum People's Republic of China
49%
Suecia Sweden
48%
Birmania Burma (Myanmar)
37%
Mons Niger Montenegro
35%
Lusitania Portugal
34%
Suazia Swaziland
34%
Cuvaitum Kuwait
32%
Tzadia Chad
30%
Mons Leoninus Sierra Leone
29%
Ruthenia Alba Belarus
28%
Casachia Kazakhstan
26%
Promontorium Viride Cape Verde
22%
Ora Opulenta Costa Rica
13%
Litus Eburneum Ivory Coast
11%
Atropatene Azerbaijan
4%
Belavia Palau
4%
Campus Merlinus Kosovo
3%
Sabana Emporium Singapore
3%
No matching quizzes found
Score Distribution
Percent of People with Each Score
Percentile by Number Answered
Your Score History
You have not taken this quiz